El regreso de la crisis en América Latina: algunas experiencias nacionales
সংরক্ষণ করুন:
| প্রধান লেখক: | |
|---|---|
| বিন্যাস: | গ্রন্থ |
| ভাষা: | স্প্যানিশ |
| প্রকাশিত: |
Santiago
Fondo de Cultura Económica Chile
2017
Santiago Consejo de Relaciones Internacionales de América Latina y el Caribe 2017 |
| সংস্করন: | 1a. ed |
| মালা: | Sección de Obras de Política y Derecho
|
| বিষয়গুলি: | |
| ট্যাগগুলো: |
ট্যাগ যুক্ত করুন
কোনো ট্যাগ নেই, প্রথমজন হিসাবে ট্যাগ করুন!
|
MARC
| LEADER | 00000cam a2200000 a 4500 | ||
|---|---|---|---|
| 001 | UCC3688 | ||
| 003 | CL-VaPUC | ||
| 008 | 180531e20170000cl |||||||||||||||||spa|d | ||
| 020 | |a 9789562891608 | ||
| 082 | 0 | 4 | |a 330.9 |b BAR |2 21 |
| 100 | |a Bárcena Ibarra, Alicia |e author |9 597767 | ||
| 245 | 1 | 3 | |a El regreso de la crisis en América Latina: algunas experiencias nacionales |
| 250 | |a 1a. ed | ||
| 300 | |a 292 p | ||
| 942 | |c BK | ||
| 945 | |d 20180531 16:15:00 |a arojas | ||
| 260 | |a Santiago |b Fondo de Cultura Económica Chile |c 2017 | ||
| 260 | |a Santiago |b Consejo de Relaciones Internacionales de América Latina y el Caribe |c 2017 | ||
| 650 | 7 | |a CRISIS ECONOMICA |2 CL-VaPUC |9 597768 | |
| 650 | 7 | |a RECESION ECONOMICA |2 CL-VaPUC |9 379121 | |
| 650 | 7 | |a POLITICA INTERNA |2 CL-VaPUC |9 342443 | |
| 650 | 0 | |a Historia siglo 20 |9 255736 | |
| 651 | 0 | |a América Latina |9 255027 | |
| 583 | |a last modification |c 20180531 16:15:00 |k Rodrigo Vera | ||
| 490 | 0 | |a Sección de Obras de Política y Derecho | |
| 999 | |c 371380 |d 371378 | ||
| 952 | |0 0 |1 0 |3 erb |4 0 |6 330_900000000000000_BAR_2017_2017 |7 0 |8 A |9 488362 |a BIBHIS |b BIBHIS |i 5473381 |o 330.9 BAR 2017 2017 |p 5473381 |r 2025-01-20 |w 2019-11-24 |y BK |z Catalogado en:20180531 |k HIS | ||
| 952 | |0 0 |1 0 |2 ddc |4 0 |6 330_900000000000000_BAR_2017 |7 0 |8 A |9 578267 |a BIBHIS |b BIBHIS |d 2021-06-23 |e 80 |g 15900.00 |i 5585562 |o 330.9 BAR 2017 |p 5585562 |r 2025-01-20 |t 2 |v 15900.00 |w 2021-06-23 |y BK |k HIS | ||